Quantitative methods in public administration /

Bibliographic Details
Main Author: Goodisman, Leonard David
Format: Book
Language:English
Published: Washington, D.C. : University Press of America, [1979]
Subjects:

MARC

Tag First Indicator Second Indicator Subfields
LEADER 00000cam a2200000 a 4500
001 in00000070707
005 20151008061853.0
008 791031s1979 dcua 00110 eng d
010 |a  79052724  
020 |a 0819107824 
035 |a (OCoLC)05631457 
035 |9 AAJ9020AM 
040 |a WAU  |c WAU  |d TXA  |d UtOrBLW 
049 |a TXAM  |c [1803467] 
090 |a JF1353  |b .G66 
100 1 |a Goodisman, Leonard David. 
245 1 0 |a Quantitative methods in public administration /  |c Leonard D. Goodisman. 
264 1 |a Washington, D.C. :  |b University Press of America,  |c [1979] 
264 4 |c ©1979 
300 |a ii, 372 pages :  |b illustrations ;  |c 23 cm. 
336 |a text  |b txt  |2 rdacontent 
337 |a unmediated  |b n  |2 rdamedia 
338 |a volume  |b nc  |2 rdacarrier 
500 |a Includes index. 
650 0 |a Public administration  |x Mathematical models. 
650 0 |a Management  |x Statistical methods. 
999 |a MARS 
999 f f |s c5200379-56cd-380d-81bd-902065517269  |i 6d1d9386-cbe0-372e-836a-183c157b24b3  |t 0 
952 f f |p ric  |a Texas A&M University  |b Rellis Campus  |c Joint Library Facility  |d Remote Storage  |t 0  |e JF1353 .G66  |h Library of Congress classification  |i unmediated -- volume  |m A14806150266 
998 f f |a JF1353 .G66  |t 0  |l Remote Storage